Most Famous People Named Adolf - Statistics

General Stats
  • This quiz has been taken 29 times
  • The average score is 1 of 11
Answer Stats
Answer % Correct
Hitler
100%
Dassler
4%
Anderssen
0%
Bastian
0%
Eugen Fick
0%
Freiherr Knigge
0%
Hurwitz
0%
Loos
0%
Merckle
0%
von Henselt
0%
von Menzel
0%
No matching quizzes found
Score Distribution
Percent of People with Each Score
Percentile by Number Answered
Your Score History
You have not taken this quiz